Participación salarial y crecimiento económico en América Latina, 1950-2011 /

Gespeichert in:
Bibliographische Detailangaben
1. Verfasser: Alarco Tosoni, Germán
Format: Text
Tags: Tag hinzufügen
Keine Tags, Fügen Sie den ersten Tag hinzu!

MARC

LEADER 00000 a a2200000 04500
001 47537
003
040
100 |a Alarco Tosoni, Germán  
245 |a Participación salarial y crecimiento económico en América Latina, 1950-2011 /  |c Germán Alarco Tosoni  
773 |g número113, (2014), páginas 43-60 : tablas, gráficos  
999 |c 29674  |d 29674